| 000 -LEADER |
| fixed length control field |
00791nam a22001937a 4500 |
| 005 - DATE AND TIME OF LATEST TRANSACTION |
| control field |
20231016154629.0 |
| 008 - FIXED-LENGTH DATA ELEMENTS--GENERAL INFORMATION |
| fixed length control field |
231016s1985ru xxu||||| |||| 00| 0 rus d |
| 041 ## - LANGUAGE CODE |
| Language code of text/sound track or separate title |
rus |
| 080 ## - UNIVERSAL DECIMAL CLASSIFICATION NUMBER |
| Universal Decimal Classification number |
902.2 Б-68 |
| 100 ## - MAIN ENTRY--PERSONAL NAME |
| Personal name |
Блаватский, В. Д. |
| 9 (RLIN) |
20092 |
| 245 ## - TITLE STATEMENT |
| Title |
Античная археология и история / |
| Statement of responsibility, etc. |
В. Д. Блаватский. |
| 264 ## - PRODUCTION, PUBLICATION, DISTRIBUTION, MANUFACTURE, AND COPYRIGHT NOTICE |
| Place of production, publication, distribution, manufacture |
Москва : |
| Name of producer, publisher, distributor, manufacturer |
Наука, |
| Date of production, publication, distribution, manufacture, or copyright notice |
1985. |
| 300 ## - PHYSICAL DESCRIPTION |
| Extent |
280 с .: |
| Other physical details |
23 cм. |
| Dimensions |
ил.; |
| 653 ## - INDEX TERM--UNCONTROLLED |
| keyword |
Античная археология и история |
| 653 ## - INDEX TERM--UNCONTROLLED |
| keyword |
უძველესი არქეოლოგია და ისტორია |
| 653 ## - INDEX TERM--UNCONTROLLED |
| keyword |
არქეოლოგია |
| 710 ## - ADDED ENTRY--CORPORATE NAME |
| Corporate name or jurisdiction name as entry element |
Академия Наук СССР ; Институт археологии |
| 9 (RLIN) |
20094 |
| 942 ## - ADDED ENTRY ELEMENTS (KOHA) |
| Source of classification or shelving scheme |
|
| Koha item type |
წიგნი |